Ballades in Blue China, and Verses and Translations (Record no. 232467)
[ view plain ]
| 000 -LEADER | |
|---|---|
| fixed length control field | 01865cam a22002533a 4500 |
| 001 - CONTROL NUMBER | |
| control field | 3138 |
| 003 - CONTROL NUMBER IDENTIFIER | |
| control field | PGUSA |
| 005 - DATE AND TIME OF LATEST TRANSACTION | |
| control field | 20140828083026.0 |
| 008 - FIXED-LENGTH DATA ELEMENTS--GENERAL INFORMATION | |
| fixed length control field | 020301s2002||||xxu|||||s|||||000 p eng d |
| 040 ## - CATALOGING SOURCE | |
| Original cataloging agency | PGUSA |
| Language of cataloging | eng |
| 042 ## - AUTHENTICATION CODE | |
| Authentication code | dc |
| 050 #4 - LIBRARY OF CONGRESS CALL NUMBER | |
| Classification number | PR |
| 100 1# - MAIN ENTRY--PERSONAL NAME | |
| Personal name | Lang, Andrew, |
| Dates associated with a name | 1844-1912 |
| 245 10 - TITLE STATEMENT | |
| Title | Ballades in Blue China, and Verses and Translations |
| Medium | [electronic resource] / |
| Statement of responsibility, etc | Andrew Lang |
| 260 ## - PUBLICATION, DISTRIBUTION, ETC. (IMPRINT) | |
| Name of publisher, distributor, etc | Project Gutenberg, |
| Date of publication, distribution, etc | 2002 |
| 505 0# - FORMATTED CONTENTS NOTE | |
| Formatted contents note | Ballade of Theocritus -- Ballade of Cleopatra's needle -- Ballade of roulette -- Ballade of sleep -- Ballade of the midnight forest -- Ballade of the Tweed -- Ballade of the book-hunter -- Ballade of the voyage to Cythera -- Ballade of the summer term -- Ballade of the muse -- Ballade against the Jesuits -- Ballade of dead cities -- Ballade of the royal game of golf -- Double ballade of primitive man -- Ballade of autumn -- Ballade of true wisdom -- Ballade of worldly wealth -- Ballade of life -- Ballade of blue china -- Ballade of dead ladies -- Villon's ballade of good counsel -- Ballade of the bookworm -- Valentine in form of ballade -- Ballade of old plays -- Ballade of his books -- Ballade of the dream -- Ballade of the Southern Cross -- Ballade of Aucassin -- Ballade amoureuse -- Ballade of Queen Anne -- Ballade of blind love -- Ballade of his choice of a sepulchre -- Dizain -- A portrait of 1783 -- The moon's minion -- In Ithaca -- Homer -- The burial of Moliere -- Bion -- Spring -- Before the snow -- Villanelle -- Natural theology -- The Odyssey -- Ideal -- The fairy's gift -- Benedetta Ramus -- Partant pour la Scribie -- St. Andrew's Bay -- Woman and the weed. |
| 506 ## - RESTRICTIONS ON ACCESS NOTE | |
| Terms governing access | Public domain in the USA. |
| 516 ## - TYPE OF COMPUTER FILE OR DATA NOTE | |
| Type of computer file or data note | Electronic text |
| 653 ## - INDEX TERM--UNCONTROLLED | |
| Uncontrolled term | Poetry |
| 653 ## - INDEX TERM--UNCONTROLLED | |
| Uncontrolled term | Ballades |
| 830 #0 - SERIES ADDED ENTRY--UNIFORM TITLE | |
| Uniform title | Project Gutenberg |
| Volume number/sequential designation | 3138 |
| 856 40 - ELECTRONIC LOCATION AND ACCESS | |
| Uniform Resource Identifier | <a href="http://www.gutenberg.org/ebooks/3138">http://www.gutenberg.org/ebooks/3138</a> |
| 942 ## - ADDED ENTRY ELEMENTS (KOHA) | |
| Koha item type | eBooks |
| Withdrawn status | Lost status | Damaged status | Home library | Current library | Date acquired | Total Checkouts | Date last seen | Price effective from | Koha item type |
|---|---|---|---|---|---|---|---|---|---|
| Project Gutenberg | Project Gutenberg | 08/28/2014 | 08/28/2014 | 08/28/2014 | eBooks |